| 000 | 00657nam a2200181 i 4500 | ||
|---|---|---|---|
| 001 | 73748 | ||
| 003 | ES-MaACL | ||
| 005 | 20230906171919.0 | ||
| 007 | t| | ||
| 008 | 040910s1966 sp ||||1| spa d | ||
| 100 | 0 |
_aGómez-Tabanera, José Manuel, _d1926-2011 _958165 |
|
| 245 | 1 | 3 |
_aLa función ternaria en el sacrificio celtibérico _b: (concepciones míticas indo-europeas en la España prerromana) / _cJosé Manuel Gómez-Tabanera. |
| 260 |
_aBarcelona : _b[s.n., _c1966] |
||
| 300 |
_a26 p., 2 lám. ; _c24 cm. |
||
| 500 | _aEs Separata de: Revista de Guimaraes, vol. LXXVI, 1966. | ||
| 852 |
_aES-MaACL _j2053-F-16 _bR.60940 |
||
| 999 |
_c73748 _d73748 |
||